<?xml version="1.0" encoding="UTF-8"?>
<record
    xmlns:xsi="http://www.w3.org/2001/XMLSchema-instance"
    xsi:schemaLocation="http://www.loc.gov/MARC21/slim http://www.loc.gov/standards/marcxml/schema/MARC21slim.xsd"
    xmlns="http://www.loc.gov/MARC21/slim">

  <leader>01860nam a22002657a 4500</leader>
  <controlfield tag="003">DO-SdBJH</controlfield>
  <controlfield tag="005">20250729214543.0</controlfield>
  <controlfield tag="008">250729b2024    |||bd||| |||| 00| 0 spa d</controlfield>
  <datafield tag="040" ind1=" " ind2=" ">
    <subfield code="a">DO-SdBJH</subfield>
    <subfield code="b">spa</subfield>
    <subfield code="c">DO-SdBJH</subfield>
  </datafield>
  <datafield tag="041" ind1="0" ind2=" ">
    <subfield code="a">spa</subfield>
  </datafield>
  <datafield tag="090" ind1=" " ind2=" ">
    <subfield code="a">TG AMBC</subfield>
    <subfield code="b">02455 2024 </subfield>
  </datafield>
  <datafield tag="100" ind1="1" ind2=" ">
    <subfield code="a">Montero Herrera, Nervin</subfield>
    <subfield code="e">sustentante</subfield>
  </datafield>
  <datafield tag="245" ind1="1" ind2="0">
    <subfield code="a">Rol y responsabilidad del 10mo Batall&#xF3;n de Infanter&#xED;a Ej&#xE9;rcito de Rep&#xFA;blica Dominicana en la lucha contra las drogas en Dajab&#xF3;n : </subfield>
    <subfield code="b">per&#xED;odo 2022-2023 / </subfield>
    <subfield code="c">Nervin Montero Herrera, Adalberto Rodr&#xED;guez Santana ; asesor de contenido Jos&#xE9; Constanzo ; asesor metodol&#xF3;gico Mateo Capell&#xE1;n.</subfield>
  </datafield>
  <datafield tag="260" ind1=" " ind2=" ">
    <subfield code="a">Santo Domingo, Rep&#xFA;blica Dominicana :</subfield>
    <subfield code="b">UNADE,</subfield>
    <subfield code="c">2024.</subfield>
  </datafield>
  <datafield tag="300" ind1=" " ind2=" ">
    <subfield code="a">xi, 70 p&#xE1;ginas :</subfield>
    <subfield code="b">mapas, gr&#xE1;ficos.</subfield>
  </datafield>
  <datafield tag="500" ind1=" " ind2=" ">
    <subfield code="a">Incluye ap&#xE9;ndice y glosario.</subfield>
  </datafield>
  <datafield tag="502" ind1=" " ind2=" ">
    <subfield code="a">Tesis y trabajo de grado (Licenciatura en Ciencias Militares) -- Universidad Nacional para la Defensa "General Juan Pablo Duarte y D&#xED;ez", 2024.</subfield>
  </datafield>
  <datafield tag="504" ind1=" " ind2=" ">
    <subfield code="a">Incluye referencias bibliogr&#xE1;ficas y anexos. </subfield>
  </datafield>
  <datafield tag="505" ind1=" " ind2=" ">
    <subfield code="a">Responsabilidad del 10mo Batall&#xF3;n de Infanter&#xED;a del Ej&#xE9;rcito de Rep&#xFA;blica Dominicana en la Provincia de Dajab&#xF3;n en per&#xED;odo 2022-2023 -- Cooperaci&#xF3;n y coordinaci&#xF3;n entre el 10mo Batall&#xF3;n de Infanter&#xED;a y la Direcci&#xF3;n Nacional de Control de Drogas (DNCD) en la lucha contra las drogas en la zona fronteriza de Dajab&#xF3;n -- Estrategias y acciones implementadas por el 10mo Batall&#xF3;n de Infanter&#xED;a para combatir el tr&#xE1;fico de drogas en la zona fronteriza de Dajab&#xF3;n.</subfield>
  </datafield>
  <datafield tag="700" ind1="1" ind2=" ">
    <subfield code="a">Rodr&#xED;guez Santana, Adalberto</subfield>
    <subfield code="e">sustentante</subfield>
  </datafield>
  <datafield tag="700" ind1="1" ind2=" ">
    <subfield code="a">Constanzo, Jos&#xE9;</subfield>
    <subfield code="e">asesor de contenido</subfield>
  </datafield>
  <datafield tag="700" ind1="1" ind2=" ">
    <subfield code="a">Capell&#xE1;n, Mateo</subfield>
    <subfield code="e">asesor metodol&#xF3;gico</subfield>
  </datafield>
  <datafield tag="830" ind1=" " ind2=" ">
    <subfield code="a">Tesis y disertaciones acad&#xE9;micas (Universidad Nacional para la Defensa "General Juan Pablo Duarte y D&#xED;ez"). Academia Militar "Batalla De Las Carreras"</subfield>
    <subfield code="9">24</subfield>
  </datafield>
  <datafield tag="942" ind1=" " ind2=" ">
    <subfield code="2">CL</subfield>
    <subfield code="c">T</subfield>
  </datafield>
  <datafield tag="999" ind1=" " ind2=" ">
    <subfield code="c">8377</subfield>
    <subfield code="d">8377</subfield>
  </datafield>
  <datafield tag="952" ind1=" " ind2=" ">
    <subfield code="0">0</subfield>
    <subfield code="1">0</subfield>
    <subfield code="2">CL</subfield>
    <subfield code="4">0</subfield>
    <subfield code="7">0</subfield>
    <subfield code="8">TG</subfield>
    <subfield code="a">BJHA</subfield>
    <subfield code="b">BJHA</subfield>
    <subfield code="c">GEN</subfield>
    <subfield code="d">2025-07-29</subfield>
    <subfield code="i">24-02455</subfield>
    <subfield code="l">0</subfield>
    <subfield code="o">TG AMBC 02455 2024 </subfield>
    <subfield code="p">24-02455</subfield>
    <subfield code="r">2025-07-29 21:46:18</subfield>
    <subfield code="t">1</subfield>
    <subfield code="w">2025-07-29</subfield>
    <subfield code="y">T</subfield>
  </datafield>
</record>
